000 00891nac a22002657a 4500
001 BR7800307
003 BR-BrBNA
005 20240105114158.0
008 230509b bl.|||m| |||| 00| 0 por d
040 _aBR-BrBNA
_bpor
_cBiblioteca Nacional de Agricultura
072 _aE30; A50; E10
090 _aE30 BR7800307
110 1 _aCentro de Pesquisas e Desenvolvimento, Camacari, BA (Brasil)
_91648
245 1 _aRelatorio de atividades 1976. Centro de Pesquisas e Desenvolvimento [Bahia; Brasil]
260 3 _aCamacari, BA (Brasil):
_c1977.
300 _a55 p.
490 _aRelatorio - Centro de Pesquisas e Desenvolvimento (Brazil)
_v
_x
650 _aPROJETO DE DESENVOLVIMENTO
650 _aPROJETO DE PESQUISA
650 _aPROJETO INDUSTRIAL
650 _aTECNOLOGIA AGRICOLA
650 _aBAHIA
909 _a202312
_bLúcia Elande
_c55
_dLúcia Elande
942 _2AGRIS
_n0
_cMS
999 _c267838
_d267838